000 01263nam a22003617a 4500
001 633371
003 OSt
005 20210422050654.0
008 930301s1994 mdua b 001 0 eng c
010 _a 93007288
020 _a0834203634
040 _aDNLM/DLC
_cDLC
_dDLC
050 0 0 _aRA971
_b.A93 1994
060 _aW84 .1 A926 1993
080 _a614
_bT-27
082 0 0 _a362.1/068
_220
245 0 4 _aThe AUPHA manual of health services management /
_cedited by Robert J. Taylor, Susan B. Taylor.
260 _aGaithersburg, Md. :
_bAspen Publishers,
_c1994.
300 _axxviii, 652 p. :
_bill. ;
_c26 cm.
504 _aIncludes bibliographical references and index.
650 0 _aHealth services administration.
650 2 _aHealth Services
_xorganization & administration.
650 2 _aLeadership.
650 2 _aManagement Information Systems.
650 2 _aHealth Resources.
650 2 _aDelivery of Health Care.
653 _aჯანდაცვა
700 1 _aTaylor, Robert J.,
_d1940-
700 1 _aTaylor, Susan B.,
_d1941-
906 _a7
_bcbc
_corignew
_d1
_eocip
_f19
_gy-gencatlg
942 _2udc
_cBK
999 _c744
_d744